| 000 | 00000nas##2200000za#4500 |
|---|---|
| 001 | 9.512954 |
| 003 | CaOODSP |
| 005 | 20200325125917 |
| 007 | ta |
| 008 | 150406c2000||||xxc|| m #||||f| |0fre|d |
| 022 | |a1496-3698 |
| 040 | |aCaOODSP|bfre |
| 043 | |an-cn--- |
| 086 | 1 |aEn152-2F |
| 110 | 1 |aCanada. |bEnvironnement Canada. |bService de la protection de l'environnement. |
| 245 | 10|aFiches P2 |
| 260 | |aMontréal - Québec : |bEnvironnement Canada. |
| 563 | |aDépliant |
| 775 | 08|tP2 fact sheets |w(CaOODSP)9.514552 |
| 776 | 0#|tFiches P2 |w(CaOODSP)9.502874 |